|
|
|
|
| LEADER |
00000nam a2200000Ia 4500 |
| 008 |
170131b2014 cr a|||| |||| 00| | spa d |
| 999 |
|
|
|c 2511
|d 2511
|
| 090 |
|
|
|a 05.05.03
|b 2254 CD #63
|
| 100 |
1 |
|
|9 2022
|a Abarca Molina, Karla María
|
| 245 |
|
|
|a Que viva Costa Rica: conciertos didácticos de música costarricense para ciclo materno -transición/
|c Karla María Abarca, clarinete y Willian Sandoval, tuba
|
| 260 |
|
|
|a [San José, Costa Rica] :
|b INIE,
|c 2013
|
| 300 |
|
|
|a 14 páginas;
|b ilustraciones;
|e 1 disco compacto sonoro
|
| 500 |
|
|
|a Informe final Proyecto de Acción Social ED-3021
|
| 650 |
1 |
4 |
|a MUSICA
|
| 650 |
1 |
4 |
|a CAPACITACIÓN
|9 729
|
| 650 |
1 |
4 |
|a DOCENTES
|9 331
|
| 650 |
1 |
4 |
|a EDUCACIÓN PREESCOLAR
|9 455
|
| 651 |
|
0 |
|a COSTA RICA
|9 47
|
| 700 |
1 |
|
|9 1808
|a Sandoval Chinchilla, William Antonio
|
| 942 |
|
|
|i 003950,0083
|h 05.05.03 2254 CD #63
|2 z
|c 04
|